Smallest Countries by Population with Exceptions - Statistics

General Stats
  • This quiz has been taken 48 times
  • The average score is 12 of 23
Answer Stats
Population Answer % Correct
884k Fiji
70%
360k Iceland
67%
442k Brunei
61%
408k Belize
59%
741k Bhutan
59%
782k Guyana
59%
615k Luxembourg
59%
680k Solomon Islands
57%
581k Suriname
57%
304k Vanuatu
57%
864k Cyprus
54%
200k Samoa
54%
1.387 mil East TImor
52%
1.324 mil Estonia
50%
1.359 mil Trinidad and Tobago
50%
385k Bahamas
48%
550k Cape Verde
48%
1.078 mil Djibouti
43%
1.265 mil Mauritius
43%
1.358 mil Equatorial Guinea
41%
622k Montenegro
39%
873k Comoros
37%
1.093 mil Eswatini
37%
No matching quizzes found
Score Distribution
Percent of People with Each Score
Percentile by Number Answered
Your Score History
You have not taken this quiz